000
00191nam a2200085Ia 4500
008
170620s9999 xx 000 0 und d
100
_a
Mishra- L
245
0
_a
Adult Education
260
_b
New Delhi- A.P.H
260
_c
2011
999
_c
25700
_d
25700